00340pab a2200121 454500008004000000100002200040245007000062260000900132300001500141362001200156650002200168773002800190180718b2011 xxu||||| |||| 00| 0 eng d aStephenson, Karen aFrom Tiananmen to Tahrir: Knowing one's place in the 21st century c2011 ap.281-291. aOct-Dec aProtest Movements aOrganizational Dynamics